000 00571nam a22001937a 4500
003 BPGM
008 260513m mx ||||gr|||| 001 0 spa d
040 _bspa
041 _aSPA
_hSPA
082 0 4 _2328 / QU67
_a328
_bQU67
245 _aQUÓRUM
_bLEGISLATIVO
260 _aMÉXICO
_bCENTRO DE ESTUDIOS DE DERECHO E INVESTIGACIONES PARLAMENTARIAS
_c2006
300 _a279 PÁGINAS
_c23 CM X 15.5 CM
336 _2rdacontent
_atexto
_btxt
337 _2rdamedia
_asin mediación
_bn
338 _2rdacarrier
_avolumen
_bnc
650 _v328
_x300
_y20
_z8
942 _2ddc
_cCONSULTA
999 _c68582
_d68582